00899nam a2200229 i 450000100060000000300090000600500170001500700030003200800410003510000370007624501330011326000310024630000220027749000390029965000440033870000460038270000230042883000470045185200320049899900170053095201220054796590ES-MaACL20250814063223.0t|050628s1972 sp ||||1| spa d1 aMaldonado, Luis, d1930-914312510aNuevas vías de pertenencia a la Iglesia b: identidad y participación / cLuis Maldonado Arenas, C. Floristán, A. Pascual. aMadrid : bMarova, c1972. a114 p. ; c21 cm.1 aExperiencias y Estudios Pastorales 4aHistoria eclesiástica-yS.XX.91464371 aFloristán, Casiano (d1926-2006)9513401 aPascual, A.9893380 aExperiencias y Estudios Pastorales9232255 aES-MaACLjC-45139 bR.81050 c96590d96590 00104070aATENEOMbATENEOMcDEPO2d2008-01-17eSCl0oC-45139p1100842r2023-02-23 00:00:00w2023-02-23yMONOGRAFIA